[Event "47th IT Bosna 2017"]
[Site "Sarajevo"]
[Date "2017.05.13"]
[Round "1.29"]
[White "Burovic, Rijad"]
[Black "Colpa, Fahrudin"]
[Result "1-0"]
[WhiteElo "2290"]
[BlackElo "1882"]
[PlyCount "41"]
[EventDate "2017.05.13"]

1. e4 Nc6 2. f4 e5 3. Nf3 Nf6 4. fxe5 Nxe4 5. d3 Nc5 6. d4 Na6 7. Bc4 d5 8.
exd6 Bxd6 9. O-O O-O 10. Ng5 Be6 11. d5 Ne5 12. Qh5 h6 13. dxe6 Nxc4 14. exf7+
Kh8 15. Qg6 Bxh2+ 16. Kh1 Qxg5 17. Bxg5 Ne5 18. Qh5 Kh7 19. Kxh2 Ng6 20. Bxh6
gxh6 21. Rf6 1-0

[Event "47th IT Bosna 2017"]
[Site "Sarajevo"]
[Date "2017.05.13"]
[Round "1.30"]
[White "Vujic, Milorad"]
[Black "Ozen, Bahadir"]
[Result "0-1"]
[WhiteElo "1842"]
[BlackElo "2289"]
[PlyCount "36"]
[EventDate "2017.05.13"]

1. Nf3 g6 2. g3 Bg7 3. Bg2 Nf6 4. d4 O-O 5. O-O d6 6. Nc3 Nbd7 7. Re1 c6 8. b3
e5 9. dxe5 dxe5 10. e4 Qa5 11. Bd2 Qc7 12. Na4 b5 13. Nb2 Nc5 14. c3 Ncxe4 15.
Qc2 Nxd2 16. Qxd2 Rd8 17. Qe3 Nd5 18. Qc5 Bf8 0-1

[Event "47th IT Bosna 2017"]
[Site "Sarajevo"]
[Date "2017.05.13"]
[Round "1.31"]
[White "Ozates, Tuna"]
[Black "Camdzija, Samir"]
[Result "1-0"]
[WhiteElo "2286"]
[BlackElo "1833"]
[PlyCount "99"]
[EventDate "2017.05.13"]

1. e4 c5 2. Nf3 Nc6 3. Bb5 Qb6 4. Nc3 Nd4 5. Bc4 e6 6. O-O Ne7 7. Re1 d6 8. a4
Nec6 9. d3 a6 10. Nxd4 cxd4 11. Ne2 Be7 12. c3 Bf6 13. cxd4 Nxd4 14. a5 Qc7 15.
Be3 Nc6 16. Bb6 Qe7 17. d4 O-O 18. Nc3 g6 19. Nd5 exd5 20. exd5 Qd7 21. dxc6
bxc6 22. Rc1 Bb7 23. b4 d5 24. Bd3 Rfe8 25. h3 Bg5 26. Rc2 Rxe1+ 27. Qxe1 Re8
28. Re2 Rxe2 29. Qxe2 Qc8 30. Qe5 Bh6 31. Qe2 Bf4 32. Bc5 Bh6 33. h4 Bg7 34. h5
Bh6 35. g3 Bg7 36. hxg6 hxg6 37. Kg2 Bf6 38. f4 Kg7 39. f5 g5 40. Be7 Qc7 41.
Bxf6+ Kxf6 42. Qh5 Qd6 43. Qh6+ Ke7 44. Qxg5+ Qf6 45. Qf4 Kd7 46. g4 Qe7 47. f6
Qd6 48. Bf5+ Kc7 49. Qxd6+ Kxd6 50. g5 1-0

[Event "47th IT Bosna 2017"]
[Site "Sarajevo"]
[Date "2017.05.13"]
[Round "1.32"]
[White "Gligorevic, Milorad"]
[Black "Kilic, Efe Mert"]
[Result "0-1"]
[WhiteElo "1823"]
[BlackElo "2284"]
[PlyCount "64"]
[EventDate "2017.05.13"]

1. e4 e5 2. Nf3 Nc6 3. d4 exd4 4. Nxd4 g6 5. Nxc6 bxc6 6. Qd4 Qf6 7. e5 Qe6 8.
Bc4 d5 9. Be2 Bg7 10. Bf4 f6 11. exf6 Bxf6 12. Qb4 a5 13. Qa3 Ba6 14. Be3 Bxe2
15. Kxe2 d4 16. Re1 dxe3 17. Kd1 Qd6+ 18. Qxd6 cxd6 19. Rxe3+ Ne7 20. Nc3 Bxc3
21. Rxc3 Rf8 22. f3 Kd7 23. Re3 Nd5 24. Rd3 Rfe8 25. g3 Re5 26. Kd2 Rae8 27.
Rd1 Nb4 28. Ra3 Re2+ 29. Kc1 Rxc2+ 30. Kb1 Ree2 31. Rb3 c5 32. a4 c4 0-1

[Event "47th IT Bosna 2017"]
[Site "Sarajevo"]
[Date "2017.05.13"]
[Round "1.33"]
[White "Aakanksha, Hagawane"]
[Black "Lakusic, Zoran"]
[Result "1-0"]
[WhiteElo "2283"]
[BlackElo "1775"]
[PlyCount "53"]
[EventDate "2017.05.13"]

1. e4 e6 2. d4 Ne7 3. Nf3 d6 4. Bd3 Nd7 5. Be3 b6 6. c4 Bb7 7. Nc3 g6 8. O-O
Bg7 9. Qd2 O-O 10. Bh6 a6 11. Rad1 Qe8 12. Ne2 Kh8 13. Bxg7+ Kxg7 14. h3 Rd8
15. Nh2 Nf6 16. Ng3 Qa4 17. Qc3 Qd7 18. d5 Neg8 19. f4 h5 20. Nf3 Kh6 21. e5
Nh7 22. Ng5 h4 23. N3e4 Nxg5 24. fxg5+ Kg7 25. exd6+ f6 26. gxf6+ Nxf6 27. Nxf6
1-0

[Event "47th IT Bosna 2017"]
[Site "Sarajevo"]
[Date "2017.05.13"]
[Round "1.34"]
[White "Tomic, Jelena"]
[Black "Hadzovic, Amir"]
[Result "0-1"]
[WhiteElo "1751"]
[BlackElo "2280"]
[PlyCount "114"]
[EventDate "2017.05.13"]

1. e4 e5 2. Nf3 Nc6 3. Bb5 a6 4. Ba4 Nge7 5. O-O g6 6. d3 Bg7 7. Re1 O-O 8. a3
d6 9. h3 h6 10. Nc3 Be6 11. Ne2 b5 12. Bb3 Bxb3 13. cxb3 d5 14. Ng3 dxe4 15.
dxe4 Nd4 16. b4 a5 17. Bd2 Nxf3+ 18. gxf3 Nc6 19. bxa5 Qc8 20. Be3 Qxh3 21. b4
h5 22. Rc1 h4 23. Nf1 Rad8 24. Qe2 Nd4 25. Bxd4 exd4 26. Red1 Rfe8 27. Rd3 Qd7
28. Rc5 Re5 29. Rxe5 Bxe5 30. Ne3 Qe7 31. Ng4 Qg5 32. Kh1 h3 33. Qf1 Kg7 34.
Nxe5 Qxe5 35. Qg1 c5 36. bxc5 Qxc5 37. f4 Qc6 38. Qe1 Qc4 39. Qd2 Re8 40. f3
Rc8 41. Kh2 Qa4 42. Kxh3 Qc4 43. Kg3 Rh8 44. f5 Qc7+ 45. Kg4 Rh2 46. f6+ Kg8
47. Qxh2 Qxh2 48. a6 Qd6 49. a7 Qd7+ 50. Kf4 Qxa7 51. e5 Qd7 52. Ke4 Kh7 53.
Rxd4 Qf5+ 54. Kd5 Qxf3+ 55. Kd6 Qxa3+ 56. Kd5 g5 57. e6 Qb3+ 0-1

[Event "47th IT Bosna 2017"]
[Site "Sarajevo"]
[Date "2017.05.13"]
[Round "1.35"]
[White "Maksimovic, Bojan"]
[Black "Markovic, Rade A"]
[Result "1-0"]
[WhiteElo "2269"]
[BlackElo "1749"]
[PlyCount "65"]
[EventDate "2017.05.13"]

1. e4 e5 2. Nf3 Nc6 3. Bb5 Bc5 4. O-O Nf6 5. d3 d6 6. c3 Bd7 7. Re1 Qe7 8. d4
Bb6 9. Bg5 h6 10. Bh4 g5 11. Bg3 g4 12. Nh4 O-O-O 13. d5 Nb8 14. Bxd7+ Nbxd7
15. Nf5 Qf8 16. a4 a6 17. a5 Ba7 18. b4 Rg8 19. Bh4 Re8 20. Qd3 Rg6 21. Nd2 Nh5
22. c4 Nf4 23. Qf1 Qg8 24. Rac1 Kb8 25. Rb1 Nf6 26. c5 N6h5 27. Kh1 dxc5 28.
bxc5 Ka8 29. c6 bxc6 30. Qxa6 Rb8 31. dxc6 Qc8 32. Rxb8+ Qxb8 33. Rb1 1-0

[Event "47th IT Bosna 2017"]
[Site "Sarajevo"]
[Date "2017.05.13"]
[Round "1.36"]
[White "Strinic, Hamdija"]
[Black "Hodzic, Nihad"]
[Result "0-1"]
[WhiteElo "1749"]
[BlackElo "2266"]
[PlyCount "64"]
[EventDate "2017.05.13"]

1. d4 Nf6 2. Bf4 c5 3. e3 cxd4 4. exd4 Qb6 5. b3 Nc6 6. Nf3 d5 7. Be2 Bg4 8. c3
e6 9. Nbd2 Rc8 10. O-O Ba3 11. c4 O-O 12. c5 Qa5 13. Be5 Nxe5 14. dxe5 Nd7 15.
h3 Bh5 16. g4 Bg6 17. h4 Bb2 18. h5 Bxa1 19. Qxa1 Be4 20. Nxe4 dxe4 21. Ng5 Qd2
22. Qd1 Qxg5 23. Qxd7 Rxc5 24. Qxb7 e3 25. f4 Qh4 26. Qf3 Rc3 27. Kg2 Rd8 28.
Rh1 Qe7 29. h6 Rd2 30. Kg3 Qc5 31. Bc4 e2 32. Qxc3 e1=Q+ 0-1

[Event "47th IT Bosna 2017"]
[Site "Sarajevo"]
[Date "2017.05.13"]
[Round "1.37"]
[White "Van Der Put, Frank"]
[Black "Bajic, Salko"]
[Result "1-0"]
[WhiteElo "2258"]
[BlackElo "1732"]
[PlyCount "75"]
[EventDate "2017.05.13"]

1. d4 d5 2. c4 c6 3. Nf3 Nf6 4. Nc3 Nbd7 5. e3 e6 6. Bd3 Bd6 7. O-O O-O 8. e4
dxe4 9. Nxe4 Nxe4 10. Bxe4 Nf6 11. Bc2 h6 12. b3 Re8 13. Bb2 b6 14. Qe2 Bb7 15.
Rad1 Rc8 16. c5 Bc7 17. Rfe1 Qe7 18. b4 Rcd8 19. a3 Nd5 20. Ne5 Qg5 21. Bc1 Qh4
22. Qf3 Qf6 23. Qe4 Ne7 24. Ng4 Qf5 25. Qe2 Qd5 26. Bxh6 Nf5 27. Be3 Nh4 28. f3
Qh5 29. Bf2 f5 30. Ne5 Ng6 31. Bg3 Bb8 32. Ba4 b5 33. Bb3 f4 34. Bf2 Nxe5 35.
dxe5 Kf7 36. Qe4 g5 37. Qf5+ Kg8 38. Bxe6+ 1-0

[Event "47th IT Bosna 2017"]
[Site "Sarajevo"]
[Date "2017.05.13"]
[Round "1.38"]
[White "Celik, Eda"]
[Black "Obad, Andrija"]
[Result "1/2-1/2"]
[WhiteElo "1728"]
[BlackElo "2256"]
[PlyCount "80"]
[EventDate "2017.05.13"]

1. e4 c5 2. Nf3 d6 3. Bb5+ Nd7 4. O-O a6 5. Bxd7+ Bxd7 6. c3 Nf6 7. Re1 e6 8.
d4 cxd4 9. cxd4 d5 10. e5 Ne4 11. Nbd2 Nxd2 12. Bxd2 Be7 13. Rc1 Qb6 14. b3 h6
15. a4 O-O 16. Rc3 Rfc8 17. Rd3 Qd8 18. h4 b5 19. Nh2 f5 20. exf6 Bxf6 21. Ng4
Qe7 22. Nxf6+ Qxf6 23. Qg4 Rf8 24. Rf3 Qe7 25. Rxf8+ Rxf8 26. Bxh6 Qf6 27. Be3
bxa4 28. bxa4 Bxa4 29. Rc1 Qf5 30. Qxf5 exf5 31. Bf4 Bb5 32. Rc7 Rf7 33. Rxf7
Kxf7 34. Bc7 Ke6 35. f3 Kd7 36. Ba5 g6 37. Kh2 Ke6 38. Kg3 Bf1 39. Kf2 Bc4 40.
Kg3 Bf1 1/2-1/2

[Event "47th IT Bosna 2017"]
[Site "Sarajevo"]
[Date "2017.05.13"]
[Round "1.39"]
[White "Zarkovic, Mila"]
[Black "Kanjic, Elvir"]
[Result "1-0"]
[WhiteElo "2251"]
[BlackElo "1722"]
[PlyCount "46"]
[EventDate "2017.05.13"]

1. e4 e5 2. Nf3 d6 3. d4 exd4 4. Nxd4 Nf6 5. Nc3 c6 6. Bf4 Be7 7. Qd2 O-O 8.
O-O-O d5 9. e5 Ne4 10. Nxe4 dxe4 11. Qe3 Qa5 12. Kb1 Rd8 13. Bc4 Bc5 14. Qxe4
Bxd4 15. Rxd4 Rxd4 16. Qxd4 Bf5 17. Rd1 Na6 18. g4 Bg6 19. e6 Nb4 20. exf7+ Kh8
21. Bh6 Bxc2+ 22. Ka1 Qg5 23. Bxg5 Bxd1 1-0

[Event "47th IT Bosna 2017"]
[Site "Sarajevo"]
[Date "2017.05.13"]
[Round "1.40"]
[White "Johnen, Franz"]
[Black "Eric, Jovana"]
[Result "0-1"]
[WhiteElo "1707"]
[BlackElo "2237"]
[PlyCount "76"]
[EventDate "2017.05.13"]

1. d4 Nf6 2. Nf3 g6 3. e3 Bg7 4. Be2 O-O 5. O-O d5 6. c4 e6 7. Nc3 b6 8. b3 Bb7
9. Ba3 Re8 10. Rc1 c6 11. cxd5 exd5 12. Qc2 Nbd7 13. Bd6 Rc8 14. b4 Nf8 15. Be5
Qe7 16. Qa4 a6 17. h3 N8d7 18. Rc2 Ne4 19. Bxg7 Kxg7 20. Nxe4 dxe4 21. Nd2 Nf6
22. Rfc1 Nd5 23. a3 Qg5 24. Qb3 Rcd8 25. Nf1 f5 26. Bc4 Nf6 27. Qc3 h5 28. a4
h4 29. b5 cxb5 30. axb5 a5 31. Bb3 Rd7 32. Qd2 Red8 33. Rc3 Nh5 34. d5 f4 35.
Qd4+ Kh7 36. d6 f3 37. g4 hxg3 38. fxg3 Nxg3 0-1

[Event "47th IT Bosna 2017"]
[Site "Sarajevo"]
[Date "2017.05.13"]
[Round "1.41"]
[White "Sukovic, Andrej"]
[Black "Gaspar, Zdravko"]
[Result "1-0"]
[WhiteElo "2236"]
[BlackElo "1689"]
[PlyCount "99"]
[EventDate "2017.05.13"]

1. e4 c6 2. Nc3 d5 3. Nf3 Bg4 4. h3 Bxf3 5. Qxf3 dxe4 6. Nxe4 e6 7. Bc4 Nd7 8.
O-O Ne5 9. Qe2 Nxc4 10. Qxc4 Nf6 11. d3 Be7 12. a4 Qd5 13. Nxf6+ Bxf6 14. Qb4
Qd7 15. a5 Be7 16. Qg4 O-O 17. Bd2 Bf6 18. Bc3 Bxc3 19. bxc3 b6 20. Rfb1 b5 21.
a6 Rab8 22. c4 c5 23. cxb5 Rxb5 24. Qf4 Qc6 25. Rxb5 Qxb5 26. Qc7 Qb8 27. Qb7
g6 28. Rb1 Qxb7 29. Rxb7 Ra8 30. Rc7 Kg7 31. Rxc5 Rb8 32. Rc7 Rb1+ 33. Kh2 Ra1
34. Rxa7 Kf6 35. d4 Ra4 36. Kg3 Rc4 37. Rb7 Rxc2 38. a7 Ra2 39. Kf3 g5 40. h4
h6 41. h5 Ra4 42. Ke3 Ra3+ 43. Kd2 g4 44. Ke2 Kg5 45. Rxf7 Kxh5 46. Rg7 Ra5 47.
Kd3 g3 48. fxg3 e5 49. g4+ Kh4 50. dxe5 1-0

[Event "47th IT Bosna 2017"]
[Site "Sarajevo"]
[Date "2017.05.13"]
[Round "1.42"]
[White "Erece, Ece Alkim"]
[Black "Sitnic, Adnan"]
[Result "0-1"]
[WhiteElo "1686"]
[BlackElo "2235"]
[PlyCount "54"]
[EventDate "2017.05.13"]

1. e4 Nc6 2. d4 e5 3. Nf3 exd4 4. Bc4 Qf6 5. O-O d6 6. Bg5 Qg6 7. Qd2 Be7 8.
Bxe7 Ngxe7 9. Re1 Qf6 10. c3 dxc3 11. Nxc3 Ne5 12. Nxe5 dxe5 13. Nb5 Qb6 14.
Rac1 Nc6 15. Re3 Be6 16. Bxe6 fxe6 17. Rb3 O-O 18. Nc3 Rad8 19. Qe1 Qa6 20. Ra3
Qd3 21. Nd5 Qd4 22. Nxc7 Qxb2 23. Rb3 Qxa2 24. Rxb7 Rd2 25. Ra1 Qc2 26. Rc1 Re2
27. Qf1 Rexf2 0-1

[Event "47th IT Bosna 2017"]
[Site "Sarajevo"]
[Date "2017.05.13"]
[Round "1.43"]
[White "Velikic, Adela"]
[Black "Rakita, Jandrija"]
[Result "1-0"]
[WhiteElo "2204"]
[BlackElo "1680"]
[PlyCount "101"]
[EventDate "2017.05.13"]

1. e4 e5 2. Nf3 d6 3. d4 exd4 4. Qxd4 Nc6 5. Bb5 Bd7 6. Bxc6 Bxc6 7. Nc3 Nf6 8.
Bf4 Be7 9. Rg1 Qd7 10. g4 Nxg4 11. Qxg7 Bf6 12. Qxg4 Qxg4 13. Rxg4 Bxc3+ 14.
bxc3 Bxe4 15. Nd4 O-O-O 16. Kd2 a6 17. Bg5 Rde8 18. Bf6 Rhg8 19. Rxg8 Rxg8 20.
Re1 d5 21. f3 Rg2+ 22. Kd1 c5 23. fxe4 cxd4 24. exd5 dxc3 25. Bxc3 Rxh2 26. Bf6
Rf2 27. Re8+ Kd7 28. Rd8+ Kc7 29. d6+ Kc6 30. Be7 b5 31. Rc8+ Kd7 32. Rc7+ Ke6
33. Bf8 Rf5 34. Ke2 Rd5 35. Ra7 h5 36. Rxa6 h4 37. Ra3 Rh5 38. Re3+ Kd7 39. Rh3
Rc5 40. Kd3 Rc4 41. Be7 Ra4 42. Rxh4 Ra3+ 43. c3 Rxa2 44. Rf4 Ke6 45. Rf6+ Kd7
46. Rxf7 Ra8 47. Rf8 Ra7 48. Kd4 Ra1 49. Kd5 Rd1+ 50. Kc5 b4 51. Kxb4 1-0

[Event "47th IT Bosna 2017"]
[Site "Sarajevo"]
[Date "2017.05.13"]
[Round "1.44"]
[White "Babic, Masa"]
[Black "Mrndjic, Muamer"]
[Result "0-1"]
[WhiteElo "1653"]
[BlackElo "2199"]
[PlyCount "134"]
[EventDate "2017.05.13"]

1. e4 c5 2. Nf3 g6 3. d4 cxd4 4. Qxd4 Nf6 5. e5 Nc6 6. Qd1 Nxe5 7. Nxe5 Qa5+ 8.
Nc3 Qxe5+ 9. Be2 Bg7 10. O-O O-O 11. Be3 Ne4 12. Nxe4 Qxe4 13. c3 Qc6 14. Bf3
Qc7 15. Re1 e6 16. Qd2 d5 17. Bh6 Bd7 18. Bxg7 Kxg7 19. Qd4+ f6 20. Rac1 Qb6
21. Qd2 Rad8 22. h3 Rfe8 23. b3 Bc6 24. Rcd1 e5 25. Qe3 Qxe3 26. fxe3 Kf7 27.
Rd2 Rd7 28. Red1 Red8 29. Kf2 Ke7 30. g3 f5 31. g4 fxg4 32. Bxg4 Rd6 33. Bf3
Rf6 34. Kg2 Rfd6 35. Kf2 d4 36. exd4 Rf8 37. d5 e4 38. dxc6 Rxf3+ 39. Kg2 Rxd2+
40. Rxd2 bxc6 41. c4 Ke6 42. c5 Rd3 43. Rxd3 exd3 44. Kf3 Kd5 45. Ke3 Kxc5 46.
Kxd3 Kd5 47. a4 c5 48. Kc3 a5 49. Kd3 g5 50. Kc3 h5 51. Kd3 g4 52. hxg4 hxg4
53. Ke3 Ke5 54. Kf2 Kd4 55. Kg3 Kc3 56. Kxg4 Kxb3 57. Kf4 c4 58. Ke3 c3 59. Kd3
c2 60. Kd2 Kb2 61. Kd3 c1=Q 62. Kd4 Qc6 63. Kd3 Qxa4 64. Ke3 Qb3+ 65. Ke4 a4
66. Kf4 a3 67. Ke4 a2 0-1

[Event "47th IT Bosna 2017"]
[Site "Sarajevo"]
[Date "2017.05.13"]
[Round "1.45"]
[White "Buzeti, Jernej"]
[Black "Vrce, Anes"]
[Result "1-0"]
[WhiteElo "2196"]
[BlackElo "1648"]
[PlyCount "45"]
[EventDate "2017.05.13"]

1. e4 Nf6 2. e5 Nd5 3. d4 d6 4. Nf3 a6 5. Bc4 Nb6 6. Bb3 Nc6 7. Ng5 d5 8. c3 h6
9. Nf3 Bf5 10. Nh4 Bh7 11. e6 fxe6 12. Bc2 Qd6 13. Bxh7 Rxh7 14. Qd3 Rh8 15.
Ng6 Rg8 16. f4 O-O-O 17. Ne5 Nxe5 18. fxe5 Qd7 19. Qh7 Qb5 20. Qxg8 Qd3 21.
Qxe6+ Kb8 22. Qh3 Qe4+ 23. Kd1 1-0

[Event "47th IT Bosna 2017"]
[Site "Sarajevo"]
[Date "2017.05.13"]
[Round "1.46"]
[White "Krug, Franz-Dieter"]
[Black "Kapetanovic, Edin"]
[Result "0-1"]
[WhiteElo "1605"]
[BlackElo "2182"]
[PlyCount "124"]
[EventDate "2017.05.13"]

1. d4 f5 2. c4 e6 3. Nf3 Nf6 4. e3 b6 5. Ne5 Bb7 6. Nc3 Be7 7. d5 Bd6 8. Nf3 e5
9. Be2 c6 10. dxc6 dxc6 11. Qc2 g6 12. e4 f4 13. Bd2 Qe7 14. O-O-O Nbd7 15. Be1
O-O-O 16. Nd2 g5 17. f3 Kb8 18. Bf2 Nc5 19. Na4 Nfd7 20. a3 Ne6 21. b4 c5 22.
b5 Nd4 23. Bxd4 cxd4 24. Bd3 Bxa3+ 25. Kb1 Rc8 26. Qb3 Bb4 27. Ka2 Bxd2 28.
Rxd2 Nc5 29. Nxc5 Rxc5 30. Ra1 Bc8 31. Kb1 Rd8 32. Ra4 Rd7 33. Rda2 Rdc7 34.
Ka1 Be6 35. Ra6 Rb7 36. Rc2 Rcc7 37. Qa3 Qxa3+ 38. Rxa3 Rc5 39. Kb2 Rbc7 40.
Kb3 Rxb5+ 41. Ka4 Ra5+ 42. Kb4 Rxa3 43. Kxa3 Rc5 44. Kb4 Kc7 45. g3 h6 46. g4
Kd6 47. h3 a5+ 48. Ka4 Rc7 49. Kb5 Rc6 50. c5+ Rxc5+ 51. Rxc5 bxc5 52. Kxa5 c4
53. Bb1 Kc5 54. Ka4 d3 55. Ka3 Kd4 56. Kb2 c3+ 57. Kc1 Bb3 58. Bxd3 Kxd3 59. h4
gxh4 60. g5 h3 61. gxh6 h2 62. h7 h1=Q# 0-1

[Event "47th IT Bosna 2017"]
[Site "Sarajevo"]
[Date "2017.05.13"]
[Round "1.47"]
[White "Reinhard, Marcus"]
[Black "Babic, Milana"]
[Result "1-0"]
[WhiteElo "2168"]
[BlackElo "1520"]
[PlyCount "78"]
[EventDate "2017.05.13"]

1. e4 e5 2. Nc3 Nf6 3. f4 exf4 4. Nf3 Bb4 5. e5 Bxc3 6. dxc3 Ng8 7. Bxf4 Ne7 8.
Bc4 O-O 9. Qd2 h6 10. O-O-O Ng6 11. Bg3 Re8 12. Qd3 Nc6 13. Qxg6 Qe7 14. Bh4
Qf8 15. Rhe1 Na5 16. Qd3 Nxc4 17. Qxc4 d6 18. exd6 cxd6 19. Rxe8 Qxe8 20. Re1
Qd7 21. Qe4 a6 22. h3 Qe6 23. Qxe6 Bxe6 24. Nd4 Re8 25. Kd2 Kf8 26. Bg3 d5 27.
a4 g6 28. Be5 h5 29. g4 hxg4 30. hxg4 Rd8 31. Bf6 Rd6 32. Rh1 Ke8 33. g5 b6 34.
b4 Bf5 35. Rh8+ Kd7 36. b5 a5 37. Be5 Re6 38. Nxe6 Kxe6 39. Bd4 Be4 1-0

[Event "47th IT Bosna 2017"]
[Site "Sarajevo"]
[Date "2017.05.13"]
[Round "1.48"]
[White "Zaloznik, Vesna"]
[Black "Terzic, Ilijas"]
[Result "0-1"]
[WhiteElo "1504"]
[BlackElo "2163"]
[PlyCount "40"]
[EventDate "2017.05.13"]

1. e4 c5 2. Nc3 Nc6 3. f4 e6 4. Nf3 d5 5. e5 Nge7 6. g4 h5 7. g5 h4 8. Nb5 Nf5
9. Bh3 a6 10. Bxf5 exf5 11. Nc3 d4 12. Nb1 d3 13. c4 Be6 14. b3 Nd4 15. Na3 Ne2
16. Bb2 Nxf4 17. Kf2 Be7 18. Qf1 h3 19. Rg1 Ne2 20. Rh1 Bxg5 0-1

[Event "47th IT Bosna 2017"]
[Site "Sarajevo"]
[Date "2017.05.13"]
[Round "1.49"]
[White "Kamberovic, Senad"]
[Black "Fejzic, Danis"]
[Result "1-0"]
[WhiteElo "2158"]
[BlackElo "1439"]
[PlyCount "101"]
[EventDate "2017.05.13"]

1. d4 Nf6 2. Nf3 g6 3. Bf4 Bg7 4. h3 O-O 5. e3 d6 6. Be2 c5 7. O-O cxd4 8. exd4
Nc6 9. c4 e6 10. Nc3 d5 11. Ne5 dxc4 12. Nxc6 bxc6 13. Bxc4 Nd5 14. Be5 Nxc3
15. bxc3 Bxe5 16. dxe5 Qxd1 17. Rfxd1 Rb8 18. Rab1 Rb6 19. Rxb6 axb6 20. Rd6
Bb7 21. Rd7 Ba8 22. a4 c5 23. Rd6 Rb8 24. f4 Be4 25. g4 Ra8 26. Bb5 Bc2 27. Rd2
Be4 28. Kf2 Rc8 29. Rd6 Rb8 30. Ke3 Bc2 31. Rd2 Bb3 32. Rb2 Bd5 33. c4 Bb7 34.
a5 bxa5 35. Bc6 Bxc6 36. Rxb8+ Kg7 37. Rc8 Bg2 38. h4 f5 39. g5 h6 40. Rc7+ Kf8
41. gxh6 Kg8 42. Rxc5 Bf1 43. Rxa5 Bxc4 44. Ra7 Kh8 45. Rg7 Bd5 46. Rxg6 Kh7
47. h5 Bb3 48. Kd4 Bd5 49. Kc5 Bf3 50. Kd6 Bxh5 51. Rxe6 1-0

[Event "47th IT Bosna 2017"]
[Site "Sarajevo"]
[Date "2017.05.13"]
[Round "1.50"]
[White "Tutic, Amina"]
[Black "Krstonijevic, Stjepan"]
[Result "0-1"]
[WhiteElo "1431"]
[BlackElo "2155"]
[PlyCount "46"]
[EventDate "2017.05.13"]

1. e4 c5 2. Nf3 e6 3. c4 Nc6 4. d4 cxd4 5. Nxd4 Nf6 6. Nxc6 bxc6 7. Nd2 Qc7 8.
a3 Bd6 9. g3 h5 10. Bg2 h4 11. Qe2 Bb7 12. b4 c5 13. f4 e5 14. Bb2 hxg3 15.
hxg3 Rxh1+ 16. Bxh1 cxb4 17. Nf3 bxa3 18. fxe5 Bb4+ 19. Kf1 axb2 20. Qxb2 Qxc4+
21. Qe2 Qxe2+ 22. Kxe2 Nxe4 23. Rb1 Nc3+ 0-1

[Event "47th IT Bosna 2017"]
[Site "Sarajevo"]
[Date "2017.05.13"]
[Round "1.51"]
[White "Jurman, Roberto"]
[Black "Beslija, Hana"]
[Result "1-0"]
[WhiteElo "2152"]
[BlackElo "1113"]
[PlyCount "64"]
[EventDate "2017.05.13"]

1. c4 e5 2. Nc3 Nf6 3. g3 Nc6 4. Bg2 Bb4 5. Nd5 Nxd5 6. cxd5 Ne7 7. e3 d6 8.
Qa4+ c6 9. Qxb4 Nxd5 10. Bxd5 cxd5 11. b3 b6 12. Ba3 Ke7 13. Qc3 Bb7 14. Qxe5+
Kf8 15. Qxd6+ Qxd6 16. Bxd6+ Ke8 17. d4 Rc8 18. Kd2 Kd7 19. Ba3 Rhe8 20. Nf3 f6
21. Rhc1 Bc6 22. Rc3 g5 23. Rac1 Re6 24. h4 h6 25. hxg5 hxg5 26. Rh1 a5 27.
Rh7+ Kd8 28. Nh2 Bb7 29. Rxb7 Rxc3 30. Kxc3 Rc6+ 31. Kd3 Kc8 32. Rf7 b5 1-0

[Event "47th IT Bosna 2017"]
[Site "Sarajevo"]
[Date "2017.05.13"]
[Round "1.52"]
[White "Zaloznik S., Gal"]
[Black "Bucan, Eldin"]
[Result "0-1"]
[WhiteElo "1015"]
[BlackElo "2126"]
[PlyCount "32"]
[EventDate "2017.05.13"]

1. e4 d6 2. d4 Nf6 3. Nc3 g6 4. Be3 c6 5. Qd2 b5 6. a3 a6 7. Nf3 Nbd7 8. b4 Qc7
9. a4 Bb7 10. a5 Rc8 11. Bd3 c5 12. d5 Ng4 13. Nd1 Bg7 14. Ra2 cxb4 15. Qxb4
Nxe3 16. Nxe3 Bc3+ 0-1

[Event "47th IT Bosna 2017"]
[Site "Sarajevo"]
[Date "2017.05.13"]
[Round "1.60"]
[White "Selimovic, Amir"]
[Black "Salkic, Midhat"]
[Result "1/2-1/2"]
[WhiteElo "1941"]
[BlackElo "2042"]
[PlyCount "45"]
[EventDate "2017.05.13"]

1. e4 c5 2. Nc3 e6 3. g3 d6 4. Bg2 Nc6 5. Nge2 a6 6. d4 cxd4 7. Nxd4 Qc7 8. O-O
Nf6 9. Nce2 Be7 10. c4 Nxd4 11. Qxd4 e5 12. Qd3 Be6 13. b3 O-O 14. Bg5 h6 15.
Bxf6 Bxf6 16. Nc3 Be7 17. Nd5 Bxd5 18. Qxd5 Rab8 19. a4 Qc6 20. Rfd1 Rfc8 21.
Bf1 Qxd5 22. Rxd5 Rc5 23. Rad1 1/2-1/2

[Event "47th IT Bosna 2017"]
[Site "Sarajevo"]
[Date "2017.05.14"]
[Round "2.1"]
[White "Ozates, Tuna"]
[Black "Demchenko, Anton"]
[Result "0-1"]
[WhiteElo "2286"]
[BlackElo "2629"]
[PlyCount "104"]
[EventDate "2017.05.13"]

1. e4 c5 2. Nf3 Nc6 3. Bb5 g6 4. Bxc6 bxc6 5. O-O Bg7 6. Re1 Nh6 7. c3 O-O 8.
h3 f5 9. e5 Nf7 10. d3 e6 11. Qa4 d6 12. exd6 Qxd6 13. Na3 e5 14. Nc4 Qd5 15.
Qb3 e4 16. dxe4 fxe4 17. Nfd2 Re8 18. Ne3 Qh5 19. Nef1 Qd5 20. f3 Bf5 21. fxe4
Qd7 22. Qd1 Bxe4 23. Nxe4 Qxd1 24. Rxd1 Rxe4 25. Be3 c4 26. Re1 Rae8 27. Rad1
a5 28. Bf2 Rxe1 29. Rxe1 Rxe1 30. Bxe1 Ne5 31. b3 Nd3 32. Bd2 cxb3 33. axb3 Nc5
34. b4 axb4 35. cxb4 Ne4 36. Be1 Bd4+ 37. Kh2 Kf7 38. Nd2 Be5+ 39. Kg1 Nxd2 40.
Bxd2 Ke6 41. Kf2 Kd5 42. Kf3 Kc4 43. g4 Bc3 44. Be3 Kxb4 45. Bg5 Kb3 46. Ke4 c5
47. Kd5 c4 48. Ke6 Be1 49. Bf6 c3 50. Kf7 c2 51. Bg5 Bh4 52. Bc1 g5 0-1

[Event "47th IT Bosna 2017"]
[Site "Sarajevo"]
[Date "2017.05.14"]
[Round "2.2"]
[White "Nikolic, Predrag"]
[Black "Aakanksha, Hagawane"]
[Result "1-0"]
[WhiteElo "2607"]
[BlackElo "2283"]
[PlyCount "125"]
[EventDate "2017.05.13"]

1. Nf3 Nf6 2. d4 g6 3. g3 Bg7 4. Bg2 O-O 5. c4 d5 6. O-O dxc4 7. Na3 c3 8. bxc3
c5 9. Qb3 Nc6 10. Rd1 Na5 11. Qb2 Bf5 12. Nd2 cxd4 13. cxd4 Rc8 14. e4 Bg4 15.
f3 Bd7 16. Nb3 Ba4 17. Be3 Qb6 18. Rdb1 Bxb3 19. axb3 Rfd8 20. Bf2 Nxb3 21. Qa2
Rc3 22. Nc4 Rxc4 23. Rxb3 Qc7 24. Rxb7 Qxb7 25. Qxc4 Ne8 26. e5 Rc8 27. Qa2 Rc7
28. f4 Qc8 29. Qa6 Qb8 30. d5 Qb2 31. Be4 Qb4 32. Qe2 Qc3 33. Ra6 Rd7 34. Rc6
Qa1+ 35. Kg2 Qa5 36. Rc5 Qd8 37. Qa6 Rc7 38. Rc6 f6 39. e6 f5 40. Bf3 Nd6 41.
Bxa7 Rb7 42. Bb6 Qb8 43. Kh3 Bf6 44. Bc5 Nb5 45. Qa4 Qd8 46. d6 exd6 47. Be3
Rb8 48. Be2 Nc3 49. Rxc3 Bxc3 50. e7 Qxe7 51. Qc4+ d5 52. Qxc3 Qe4 53. Ba7 Re8
54. Bf3 Qc4 55. Qa5 Qf1+ 56. Bg2 Qd1 57. Bxd5+ Kg7 58. Qc3+ Kh6 59. Bd4 Re7 60.
Bf3 Qf1+ 61. Kh4 Rf7 62. Qe3 Qc4 63. g4 1-0

[Event "47th IT Bosna 2017"]
[Site "Sarajevo"]
[Date "2017.05.14"]
[Round "2.3"]
[White "Kilic, Efe Mert"]
[Black "Perunovic, Milos"]
[Result "1/2-1/2"]
[WhiteElo "2284"]
[BlackElo "2603"]
[PlyCount "58"]
[EventDate "2017.05.13"]

1. e4 c5 2. Nf3 e6 3. b3 b6 4. Bb2 Bb7 5. Nc3 Nc6 6. Qe2 d6 7. O-O-O e5 8. Qe3
Nf6 9. Bc4 Be7 10. Nd5 O-O 11. Nxf6+ Bxf6 12. Bd5 Qd7 13. h4 Nd4 14. Bxb7 Qxb7
15. g4 a5 16. c3 Ne6 17. g5 Be7 18. d4 cxd4 19. cxd4 a4 20. Rhe1 f5 21. gxf6
Bxf6 22. dxe5 dxe5 23. Kb1 Nf4 24. bxa4 Kh8 25. Qb3 Ng2 26. Re2 Nf4 27. Re3 Ng2
28. Re2 Nf4 29. Re3 Ng2 1/2-1/2

[Event "47th IT Bosna 2017"]
[Site "Sarajevo"]
[Date "2017.05.14"]
[Round "2.4"]
[White "Damljanovic, Branko"]
[Black "Maksimovic, Bojan"]
[Result "1/2-1/2"]
[WhiteElo "2543"]
[BlackElo "2269"]
[PlyCount "99"]
[EventDate "2017.05.13"]

1. d4 Nf6 2. c4 c5 3. d5 b5 4. Nf3 Bb7 5. Qb3 Qb6 6. Qxb5 Qxb5 7. cxb5 Bxd5 8.
Nc3 Bb7 9. Bg5 d5 10. e3 Nbd7 11. Be2 e6 12. O-O Bd6 13. Rfd1 Ke7 14. a4 Rac8
15. a5 h6 16. Bh4 g5 17. Bg3 e5 18. Nd2 d4 19. Na4 Ne4 20. Bf3 f5 21. b4 d3 22.
a6 Ba8 23. Bxe4 fxe4 24. bxc5 Nxc5 25. h4 Ke6 26. b6 Nxa4 27. Rxa4 axb6 28.
Nxe4 b5 29. Nxd6 bxa4 30. Nxc8 Rxc8 31. Rxd3 Be4 32. Ra3 Bc2 33. e4 Bb3 34. f3
Ra8 35. Be1 Rxa6 36. h5 Rc6 37. Ra1 Rc4 38. Bd2 Kf6 39. Kf2 Rc2 40. Ke3 Rc4 41.
Ke2 Ke6 42. g4 Kf6 43. Be1 Ke6 44. Kd3 Rd4+ 45. Ke3 Rd1 46. Rxd1 Bxd1 47. Bb4
Kf6 48. Bf8 Kf7 49. Ba3 Kf6 50. Bb4 1/2-1/2